Statistics for NFL Trivia: Most Yards from Scrimmage All-Time Leaders

Click here to take the quiz!

General Stats

  • This quiz has been taken 111 times
    (23 since last reset)
  • The average score is 13 of 20

Answer Stats

# Hint Answer % Correct
123,540Jerry Rice
100%
618,456LaDainian Tomlinson
95%
221,579Emmitt Smith
95%
1715,451Randy Moss
80%
718,190Barry Sanders
80%
1116,581Adrian Peterson
80%
321,264Walter Payton
80%
519,154Marshall Faulk
80%
1815,396Eric Dickerson
75%
419,243Frank Gore
70%
1416,185Terrell Owens
70%
917,430Curtis Martin
55%
1216,532Thurman Thomas
55%
1316,293Tony Dorsett
55%
1615,610Edgerrin James
50%
1017,151Larry Fitzgerald
45%
1915,347Isaac Bruce
45%
817,654Marcus Allen
40%
1515,632Tiki Barber
30%
2015,306Warrick Dunn
15%

Score Distribution

Percentile by Number Answered

Percent of People with Each Score

Your Score History

You have not taken this quiz since the last reset